<?xml version="1.0" encoding="UTF-8"?>
<record
    xmlns:xsi="http://www.w3.org/2001/XMLSchema-instance"
    xsi:schemaLocation="http://www.loc.gov/MARC21/slim http://www.loc.gov/standards/marcxml/schema/MARC21slim.xsd"
    xmlns="http://www.loc.gov/MARC21/slim">

  <leader>02989nam a2200409uu 4500</leader>
  <controlfield tag="001">1582276</controlfield>
  <controlfield tag="005">20260508094822.0</controlfield>
  <controlfield tag="007">cr|||||||</controlfield>
  <controlfield tag="008">230418s2023                        spa  </controlfield>
  <datafield tag="035" ind1=" " ind2=" ">
    <subfield code="a">1582276</subfield>
  </datafield>
  <datafield tag="040" ind1=" " ind2=" ">
    <subfield code="c">comduadb</subfield>
  </datafield>
  <datafield tag="041" ind1=" " ind2=" ">
    <subfield code="a">spa</subfield>
  </datafield>
  <datafield tag="080" ind1=" " ind2=" ">
    <subfield code="a">E/CD</subfield>
  </datafield>
  <datafield tag="100" ind1="1" ind2="0">
    <subfield code="a">Torres Urrea, Juan Fernando</subfield>
    <subfield code="4">aut</subfield>
    <subfield code="e">aut</subfield>
    <subfield code="9">708296</subfield>
  </datafield>
  <datafield tag="245" ind1="1" ind2="0">
    <subfield code="a">Variabilidad morfol&#xF3;gica y concepci&#xF3;n del cuerpo en personas usuarias del servicio de entrenamiento personal en la ciudad de Medell&#xED;n</subfield>
  </datafield>
  <datafield tag="260" ind1=" " ind2=" ">
    <subfield code="a">Medell&#xED;n :</subfield>
    <subfield code="b">Autor(a),</subfield>
    <subfield code="c">2023.</subfield>
  </datafield>
  <datafield tag="300" ind1=" " ind2=" ">
    <subfield code="a">111 p&#xE1;ginas :</subfield>
    <subfield code="b">Tablas, figuras</subfield>
  </datafield>
  <datafield tag="520" ind1="3" ind2=" ">
    <subfield code="a">RESUMEN : La presente tesis tiene como objetivo estudiar la variabilidad morfol&#xF3;gica y la concepci&#xF3;n del cuerpo en personas usuarias del servicio de entrenamiento personal en Medell&#xED;n. Se busca determinar los aspectos sociodemogr&#xE1;ficos de los usuarios, estudiar su morfolog&#xED;a corporal, y conocer su autopercepci&#xF3;n del cuerpo en relaci&#xF3;n a la salud, la alimentaci&#xF3;n y la est&#xE9;tica. Se utiliz&#xF3; una muestra no probabil&#xED;stica de 100 personas, de las cuales 50 son usuarias de planes de entrenamiento personalizado y 50 no practican actividad f&#xED;sica. La investigaci&#xF3;n combina m&#xE9;todos cuantitativos y cualitativos, con el objetivo de estudiar la morfolog&#xED;a corporal y la autopercepci&#xF3;n del cuerpo en relaci&#xF3;n con la salud, la alimentaci&#xF3;n y la est&#xE9;tica. Se identificaron diferencias en la concepci&#xF3;n del cuerpo entre hombres y mujeres, y se estableci&#xF3; que el estrato socioecon&#xF3;mico influye en la percepci&#xF3;n del cuerpo y en la capacidad de llevar un estilo de vida saludable. La actividad f&#xED;sica y la alimentaci&#xF3;n saludable son h&#xE1;bitos que se asocian con una mejora en la salud f&#xED;sica, psicol&#xF3;gica y social, y que pueden aumentar el autoestima y reducir la ansiedad y la depresi&#xF3;n. Los resultados muestran que en general, los encuestados consideran llevar una vida activa y saludable. Palabras clave: Fitness, Actividad F&#xED;sica, cuerpo, entrenamiento, concepci&#xF3;n de cuerpo, peso corporal, h&#xE1;bitos alimenticios, imagen corporal, variabilidad morfol&#xF3;gica, sedentarismo.</subfield>
  </datafield>
  <datafield tag="650" ind1=" " ind2=" ">
    <subfield code="a">Actividad f&#xED;sica y deporte</subfield>
    <subfield code="9">235980</subfield>
  </datafield>
  <datafield tag="650" ind1=" " ind2=" ">
    <subfield code="a">Capacitaci&#xF3;n</subfield>
    <subfield code="9">22735</subfield>
  </datafield>
  <datafield tag="650" ind1=" " ind2="0">
    <subfield code="a">Actividad f&#xED;sica</subfield>
    <subfield code="9">220891</subfield>
  </datafield>
  <datafield tag="650" ind1=" " ind2=" ">
    <subfield code="a">Entrenamiento deportivo</subfield>
    <subfield code="9">173643</subfield>
  </datafield>
  <datafield tag="650" ind1=" " ind2=" ">
    <subfield code="a">Entrenamiento deportivo - Metodolog&#xED;a</subfield>
    <subfield code="9">234431</subfield>
  </datafield>
  <datafield tag="650" ind1=" " ind2=" ">
    <subfield code="a">Entrenamiento deportivo - Aspectos fisiol&#xF3;gicos</subfield>
    <subfield code="9">234911</subfield>
  </datafield>
  <datafield tag="650" ind1=" " ind2=" ">
    <subfield code="a">H&#xE1;bitos alimenticios - Medell&#xED;n (Antioquia, Colombia)</subfield>
    <subfield code="9">206138</subfield>
  </datafield>
  <datafield tag="650" ind1=" " ind2="0">
    <subfield code="a">Imagen corporal</subfield>
    <subfield code="9">11344</subfield>
  </datafield>
  <datafield tag="650" ind1=" " ind2=" ">
    <subfield code="a">Peso corporal</subfield>
    <subfield code="9">52121</subfield>
  </datafield>
  <datafield tag="650" ind1=" " ind2="7">
    <subfield code="a">H&#xE1;bitos alimenticios</subfield>
    <subfield code="2">lemb</subfield>
    <subfield code="9">79429</subfield>
  </datafield>
  <datafield tag="650" ind1=" " ind2=" ">
    <subfield code="a">H&#xE1;bitos alimenticios - Colombia</subfield>
    <subfield code="9">148331</subfield>
  </datafield>
  <datafield tag="650" ind1=" " ind2=" ">
    <subfield code="a">H&#xE1;bitos alimenticios - Antioquia</subfield>
    <subfield code="9">161779</subfield>
  </datafield>
  <datafield tag="650" ind1=" " ind2=" ">
    <subfield code="a">Imagen corporal - Aspectos sociales</subfield>
    <subfield code="9">185697</subfield>
  </datafield>
  <datafield tag="700" ind1="1" ind2="0">
    <subfield code="a">Garc&#xED;a Pineda, Andr&#xE9;s Felipe</subfield>
    <subfield code="4">ths</subfield>
    <subfield code="e">ths</subfield>
    <subfield code="9">549794</subfield>
  </datafield>
  <datafield tag="856" ind1="4" ind2=" ">
    <subfield code="u">https://bibliotecadigital.udea.edu.co/handle/10495/34688</subfield>
  </datafield>
  <datafield tag="942" ind1=" " ind2=" ">
    <subfield code="c">TESIS</subfield>
  </datafield>
  <datafield tag="999" ind1=" " ind2=" ">
    <subfield code="c">847415</subfield>
    <subfield code="d">847415</subfield>
  </datafield>
  <datafield tag="502" ind1=" " ind2=" ">
    <subfield code="b">103</subfield>
    <subfield code="c">12</subfield>
  </datafield>
  <datafield tag="526" ind1=" " ind2=" ">
    <subfield code="a">104</subfield>
  </datafield>
  <datafield tag="952" ind1=" " ind2=" ">
    <subfield code="0">0</subfield>
    <subfield code="1">0</subfield>
    <subfield code="4">0</subfield>
    <subfield code="7">0</subfield>
    <subfield code="8">DIGITAL</subfield>
    <subfield code="a">CISH</subfield>
    <subfield code="b">CISH</subfield>
    <subfield code="d">2023-04-18</subfield>
    <subfield code="i">C13340048</subfield>
    <subfield code="l">0</subfield>
    <subfield code="o">E/CD-15066</subfield>
    <subfield code="r">2023-05-05 00:00:00</subfield>
    <subfield code="t">1</subfield>
    <subfield code="w">2023-05-05</subfield>
    <subfield code="y">INTER</subfield>
  </datafield>
</record>
